| 000 | 01976nam0a2200313 i 4500 | ||
|---|---|---|---|
| 001 | RU\NLR\bibl\2026350 | ||
| 005 | 20260408100831.0 | ||
| 010 |
_a9785886515473 _9160 |
||
| 021 |
_aRU _b2013-25767 _91774 |
||
| 035 | _a(NLR Aleph) 002014370 | ||
| 090 |
_a4474258 _c4474258 |
||
| 100 | _a20130419d2012 km y0rusy50 ca | ||
| 101 | 0 | _arus | |
| 102 | _aRU | ||
| 105 | _aa|||z||||00yy | ||
| 200 | 1 |
_aАктуальные вопросы внедрения федеральных государственных образовательных стандартов высшего профессионального образования _eматериалы Межвузовской учебно-методической конференции (15 февраля 2012 г.), [г. Омск _fпод ред. А.Г. Парадникова и др.] |
|
| 210 |
_aОмск _cОмА МВД России _d2012 |
||
| 215 |
_a206 с. _cил. _d21 |
||
| 300 | _aВ надзаг.: М-во внутр. дел Рос. Федерации, Омс. акад. | ||
| 606 | 1 |
_aВысшее образование _jСъезды, совещания и т.п. _xОбразовательные стандарты _xВнедрение _yРоссийская Федерация _92150402 _3RU\NLR\AUTH\661599806 |
|
| 686 | 1 | _aЧ481.211я431 | |
| 702 | 1 |
_aПарадников _bА. Г. _gАлександр Геннадьевич _4340 |
|
| 711 | 1 | 2 |
_a"Актуальные вопросы внедрения федеральных государственных образовательных стандартов высшего профессионального образования", межвузовская учебно-методическая конференция _f2012 _eОмск _3RU\NLR\AUTH\8810239320 _9364309 |
| 801 | 0 |
_aRU _bNLR _c20130419 _gRCR |
|
| 801 | 1 |
_aRU _bNLR _c20130419 |
|
| 942 | _cBOOK | ||
| 980 | _aNBR | ||